Southville International School and Colleges
Your cart is empty.
  • Cart
  • Lists
    Public lists Eva Luna New books Lux_list list_1
    Your lists Log in to create your own lists
  • Log in to your account
  • Your cookies
  • Search history
Southville International School and Colleges
  • Advanced search
  • Recent comments
  • Most popular
  • Libraries

Log in to your account

Log in with GOOGLE


If you do not have an external account, but do have a local account, you can still log in:

  1. Home
  2. MARC view: iSpeak :
Normal view MARC view ISBD view

iSpeak : (Record no. 288381)

[ view plain ]
MARC details
000 -LEADER
fixed length control field 01201cam a2200301 i 4500
001 - CONTROL NUMBER
control field 17485694
003 - CONTROL NUMBER IDENTIFIER
control field PILC
005 - DATE AND TIME OF LATEST TRANSACTION
control field 20150810161855.0
008 - FIXED-LENGTH DATA ELEMENTS--GENERAL INFORMATION
fixed length control field 121005s2013 nyua b 001 0 eng
010 ## - LIBRARY OF CONGRESS CONTROL NUMBER
LC control number 2012039695
020 ## - INTERNATIONAL STANDARD BOOK NUMBER
International Standard Book Number 9780078036880 (pbk. : acidfree paper)
040 ## - CATALOGING SOURCE
Original cataloging agency DLC
Language of cataloging eng
Transcribing agency DLC
Description conventions rda
Modifying agency DLC
042 ## - AUTHENTICATION CODE
Authentication code pcc
050 00 - LIBRARY OF CONGRESS CALL NUMBER
Classification number PN 4129.15
Item number .N46 2014
082 00 - DEWEY DECIMAL CLASSIFICATION NUMBER
Classification number 808.5/1
100 1# - MAIN ENTRY--PERSONAL NAME
Personal name Nelson, Paul E.
Fuller form of name (Paul Edward),
Dates associated with a name 1941-
Relator term author.
245 10 - TITLE STATEMENT
Title iSpeak :
Remainder of title Public Speaking for Contemporary Life /
Statement of responsibility, etc [Paul Nelson, North Dakota State University ; Scott Titsworth, Ohio University-Athens ; Judy Pearson, North Dakota State University].
250 ## - EDITION STATEMENT
Edition statement 5th edition..
260 ## - PUBLICATION, DISTRIBUTION, ETC. (IMPRINT)
Place of publication, distribution, etc New York :
Name of publisher, distributor, etc McGraw-Hill,
Date of publication, distribution, etc 2014.
300 ## - PHYSICAL DESCRIPTION
Extent xvi, 320 pages :
Other physical details some colored illustrations ;
Dimensions 28 cm.
500 ## - GENERAL NOTE
General note Includes bibliographical references and index.
650 #0 - SUBJECT ADDED ENTRY--TOPICAL TERM
Topical term or geographic name as entry element Public speaking.
700 1# - ADDED ENTRY--PERSONAL NAME
Personal name Titsworth, Scott,
Relator term author.
700 1# - ADDED ENTRY--PERSONAL NAME
Personal name Pearson, Judy C.,
Relator term author.
906 ## - LOCAL DATA ELEMENT F, LDF (RLIN)
a 7
b cbc
c orignew
d 1
e ecip
f 20
g y-gencatlg
942 ## - ADDED ENTRY ELEMENTS (KOHA)
Source of classification or shelving scheme Library of Congress Classification
Koha item type Books
Call number prefix Foreign
Holdings
Withdrawn status Lost status Source of classification or shelving scheme Damaged status Home library Current library Shelving location Date acquired Source of acquisition Cost, normal purchase price Sub Shelving location Total Checkouts Full call number Barcode Date last seen Price effective from Koha item type
    Library of Congress Classification   College Library College Library Reserve Section 08/10/2015 Library Fund 2568.00     PN 4129.15 .N46 2014 C19702 08/10/2015 08/10/2015 Books

iSpeak :

APA

Nelson P. E., Titsworth S. & Pearson J. C. (2014). iSpeak. New York: McGraw-Hill.

Chicago

Nelson Paul E, Titsworth Scott and Pearson Judy C. 2014. iSpeak. New York: McGraw-Hill.

Harvard

Nelson P. E., Titsworth S. and Pearson J. C. (2014). iSpeak. New York: McGraw-Hill.

MLA

Nelson Paul E, Titsworth Scott and Pearson Judy C. iSpeak. New York: McGraw-Hill. 2014.

  • Place hold
  • Print
  • Cite
  • Add to your cart (remove)
  • Save record
    BIBTEX Dublin Core MARCXML MARC (non-Unicode/MARC-8) MARC (Unicode/UTF-8) MARC (Unicode/UTF-8, Standard) MODS (XML) RIS
  • More searches
    Search for this title in:
    Other Libraries (WorldCat) Other Databases (Google Scholar) Online Stores (Bookfinder.com) Open Library (openlibrary.org)

Exporting to Dublin Core...

SOUTHVILLE LIBRARY

Southville International School and Colleges Library

1281 Tropical Ave. Cor. Luxembourg St., BF Homes International, Las Pinas City

Tel. No. 8256374 / 252358 Loc. 117/146

Powered by Koha